<?xml version="1.0" encoding="UTF-8"?>
<record
    xmlns:xsi="http://www.w3.org/2001/XMLSchema-instance"
    xsi:schemaLocation="http://www.loc.gov/MARC21/slim http://www.loc.gov/standards/marcxml/schema/MARC21slim.xsd"
    xmlns="http://www.loc.gov/MARC21/slim">

  <leader>02274njm a2200409Ia 4500</leader>
  <controlfield tag="001">23835</controlfield>
  <controlfield tag="003">IT-RoPAU</controlfield>
  <controlfield tag="005">20220918181207.0</controlfield>
  <controlfield tag="008">131025s9999    xx            000 0 und d</controlfield>
  <datafield tag="040" ind1=" " ind2=" ">
    <subfield code="a">IT-RoPAU</subfield>
  </datafield>
  <datafield tag="040" ind1=" " ind2=" ">
    <subfield code="c">IT-RoPAU</subfield>
  </datafield>
  <datafield tag="999" ind1=" " ind2=" ">
    <subfield code="c">103527</subfield>
    <subfield code="d">103527</subfield>
  </datafield>
  <datafield tag="999" ind1=" " ind2=" ">
    <subfield code="b">n.d.</subfield>
  </datafield>
  <datafield tag="100" ind1=" " ind2=" ">
    <subfield code="a">AA.VV.</subfield>
    <subfield code="9">794</subfield>
  </datafield>
  <datafield tag="100" ind1=" " ind2=" ">
    <subfield code="e">Autore musica</subfield>
    <subfield code="9">6448</subfield>
  </datafield>
  <datafield tag="100" ind1=" " ind2=" ">
    <subfield code="g">Codice autore musica SPICS: 12000</subfield>
    <subfield code="9">796</subfield>
  </datafield>
  <datafield tag="245" ind1=" " ind2=" ">
    <subfield code="a">Prima orchestra popolare di flauti (La) (Lp Rlv 90552)</subfield>
  </datafield>
  <datafield tag="250" ind1=" " ind2=" ">
    <subfield code="a">1a ed.</subfield>
  </datafield>
  <datafield tag="260" ind1=" " ind2=" ">
    <subfield code="a">MILANO</subfield>
  </datafield>
  <datafield tag="260" ind1=" " ind2=" ">
    <subfield code="b">RI - FI RECORD COMPANY</subfield>
    <subfield code="c">1977 [1a Ed.:1977]</subfield>
  </datafield>
  <datafield tag="300" ind1=" " ind2=" ">
    <subfield code="a">DISCO</subfield>
  </datafield>
  <datafield tag="300" ind1=" " ind2=" ">
    <subfield code="c">40 minuti (Testo:  pag.)</subfield>
  </datafield>
  <datafield tag="500" ind1=" " ind2=" ">
    <subfield code="a">Musica popolare. Flauto</subfield>
  </datafield>
  <datafield tag="505" ind1=" " ind2=" ">
    <subfield code="a">Romanza "Il tramonto" (4:00) - Giga da una sonata in fa magg per flauto (3:00) - Dvorakiana N.1 per 4 fl in do, 2 fl in sol e flauto basso (4:00) - Alleluja da un graduale in re magg (3:00) - Matrosenlied o canto del marinaio 4:00) - Arie irlandesi (4:00) - Spirituals (6:00) - Elegia (4:00) - Flauti di pace (6:00) - Gaudium (5:00)</subfield>
  </datafield>
  <datafield tag="511" ind1=" " ind2=" ">
    <subfield code="a">Orchestra Popolare di Flauti diretta da Kessick Marlaena</subfield>
  </datafield>
  <datafield tag="650" ind1=" " ind2=" ">
    <subfield code="a">VARIO [DISCHI]</subfield>
    <subfield code="e">Codice MATERIA SPICS: 9950</subfield>
    <subfield code="9">6449</subfield>
  </datafield>
  <datafield tag="700" ind1=" " ind2=" ">
    <subfield code="a">Kessick Marlaena</subfield>
    <subfield code="d">Codice autore SPICS: 13913</subfield>
    <subfield code="e">Autore</subfield>
    <subfield code="9">6450</subfield>
  </datafield>
  <datafield tag="700" ind1=" " ind2=" ">
    <subfield code="a">Verdi Giuseppe</subfield>
    <subfield code="d">Codice autore musica SPICS: 89</subfield>
    <subfield code="e">Autore musica</subfield>
    <subfield code="p">Romanza "Il tramonto"</subfield>
    <subfield code="9">6451</subfield>
  </datafield>
  <datafield tag="700" ind1=" " ind2=" ">
    <subfield code="a">Handel Georg Friedrich</subfield>
    <subfield code="d">Codice autore musica SPICS: 5619</subfield>
    <subfield code="e">Autore musica</subfield>
    <subfield code="p">Giga da una sonata in fa magg per flauto</subfield>
    <subfield code="9">6452</subfield>
  </datafield>
  <datafield tag="700" ind1=" " ind2=" ">
    <subfield code="a">Dvorak Antonin</subfield>
    <subfield code="d">Codice autore musica SPICS: 10772</subfield>
    <subfield code="e">Autore musica</subfield>
    <subfield code="p">Dvorakiana N.1 per 4 fl in do, 2 fl in sol e flauto basso</subfield>
    <subfield code="9">6453</subfield>
  </datafield>
  <datafield tag="700" ind1=" " ind2=" ">
    <subfield code="a">Scarlatti Alessandro</subfield>
    <subfield code="d">Codice autore musica SPICS: 11143</subfield>
    <subfield code="e">Autore musica</subfield>
    <subfield code="p">Alleluja da un graduale in re magg</subfield>
    <subfield code="9">6454</subfield>
  </datafield>
  <datafield tag="700" ind1=" " ind2=" ">
    <subfield code="a">Haydn Franz Joseph</subfield>
    <subfield code="d">Codice autore musica SPICS: 5572</subfield>
    <subfield code="e">Autore musica</subfield>
    <subfield code="p">Matrosenlied o canto del marinaio</subfield>
    <subfield code="9">6455</subfield>
  </datafield>
  <datafield tag="700" ind1=" " ind2=" ">
    <subfield code="a">Anonimo</subfield>
    <subfield code="d">Codice autore musica SPICS: 2620</subfield>
    <subfield code="e">Autore musica</subfield>
    <subfield code="p">Arie irlandesi - Spirituals</subfield>
    <subfield code="9">6456</subfield>
  </datafield>
  <datafield tag="700" ind1=" " ind2=" ">
    <subfield code="a">Chailly Luciano</subfield>
    <subfield code="d">Codice autore musica SPICS: 8154</subfield>
    <subfield code="e">Autore musica</subfield>
    <subfield code="p">Elegia</subfield>
    <subfield code="9">6457</subfield>
  </datafield>
  <datafield tag="700" ind1=" " ind2=" ">
    <subfield code="a">Marconi Luca</subfield>
    <subfield code="d">Codice autore musica SPICS: 13914</subfield>
    <subfield code="e">Autore musica</subfield>
    <subfield code="p">Flauti di pace</subfield>
    <subfield code="9">6458</subfield>
  </datafield>
  <datafield tag="700" ind1=" " ind2=" ">
    <subfield code="a">Lo Vetere I.</subfield>
    <subfield code="d">Codice autore musica SPICS: 13915</subfield>
    <subfield code="e">Autore musica</subfield>
    <subfield code="p">Gaudium</subfield>
    <subfield code="9">6459</subfield>
  </datafield>
  <datafield tag="942" ind1=" " ind2=" ">
    <subfield code="c">MD</subfield>
    <subfield code="2">ddc</subfield>
  </datafield>
  <datafield tag="952" ind1=" " ind2=" ">
    <subfield code="0">0</subfield>
    <subfield code="1">0</subfield>
    <subfield code="4">0</subfield>
    <subfield code="6">23835_000000000000000</subfield>
    <subfield code="7">1</subfield>
    <subfield code="a">SPICS</subfield>
    <subfield code="b">SPICS</subfield>
    <subfield code="d">2013-10-25</subfield>
    <subfield code="l">0</subfield>
    <subfield code="o">23835</subfield>
    <subfield code="r">2013-10-25 00:00:00</subfield>
    <subfield code="w">2013-10-25</subfield>
    <subfield code="y">MD</subfield>
    <subfield code="z">Progr. Ins.: 4682 / N.Vol.: 1 / Copie: 1 - Copia rara: n.d. / date import: 01.01.2014 - By Epidotti, Trombetti, Vaglietti</subfield>
  </datafield>
</record>
